Les 100 plus grandes villes de France en Occitanie - Statistiques

Statistiques générales
  • Ce quiz a été pris 140 fois
  • Le résultat moyen est 5 sur 6
Statistiques - réponses
Ville
Population
(en milliers)
% Correct
4 Toulouse 493
99%
7 Montpellier 295
94%
31 Perpignan 119
89%
21 Nîmes 148
82%
61 Béziers 78
72%
92 Montauban 61
62%
Aucun quiz correspondant
Distribution des résultats
% des personnes avec chaque résultat
Percentile par nombre de réponses
Votre historique - résultats
Vous n’avez pas pris ce quiz